000 00252nam a2200109Ia 4500
008 220204s9999 xx 000 0 und d
082 _a82-3
_bBLY
100 _aBlyton, Enid
245 4 _aThe Six bad boys
260 _aLondon
_bArmada
_c1974
942 _cBK
999 _c32686
_d32686